| 000 | 02183nam0a2200373 4500 | ||
|---|---|---|---|
| 001 | RU\NLR\BIBL_A\022645781 | ||
| 005 | 20260420054949.0 | ||
| 010 |
_a978-5-7307-2340-5 _950 |
||
| 021 |
_aRU _bКН-П-25-053546 _9КН-П-25-5165 |
||
| 035 | _a(NLR Aleph) 022645781 | ||
| 090 |
_a13685512 _c13685512 |
||
| 100 | _a20251017d2025 u y0rusy50 ca | ||
| 101 | 0 | _arus | |
| 102 | _aRU | ||
| 105 | _aac j 000yy | ||
| 181 | 0 |
_ai _baxxe |
|
| 181 | 0 |
_ab3 _bbb2e |
|
| 182 | 0 | _an | |
| 200 | 1 |
_aШкола академического рисунка программы "Графический дизайн" _eучебное пособие _eдля студентов, обучающихся по специальности 54.03.01 "Дизайн" _fС. А. Афонский _gМинистерство науки и высшего образования Российской Федерации, Федеральное государственное бюджетное образовательное учреждение высшего образования "Российский экономический университет имени Г. В. Плеханова" (ФГБОУ ВО "РЭУ им. Г. В. Плеханова") |
|
| 203 |
_aИзображение _aТекст _bвизуальные _cнепосредственные |
||
| 210 |
_aМосква _cФГБОУ ВО "РЭУ им. Г. В. Плеханова" _d2025 |
||
| 215 |
_a195 с. _cил., цв. ил., портр. _d29 |
||
| 300 | _aНа 4-й с. обл. авт.: Афонский С. А. - доц. | ||
| 300 | _aНа обороте тит.с. авт.-сост.: С. А. Афонский | ||
| 606 | 1 |
_aРисунок _jУчебные издания _xТехника _91518987 _3RU\NLR\AUTH\66961977 |
|
| 606 | 1 |
_aРисунок _jУчебные издания _xТеория _92001765 _3RU\NLR\AUTH\66919945 |
|
| 686 | 1 | _aЩ150.844я7 | |
| 686 | 1 | _aЩ150.444я7 | |
| 700 | 1 |
_aАфонский _bС. А. _f1967- _gСергей Александрович |
|
| 942 | _cBOOK | ||
| 980 | _aNB | ||